The Boys Supes - Sudden Death - Statistics

General Stats
  • This quiz has been taken 743 times
  • The average score is 10 of 15
Answers on the Grid
Answers color-coded by a green-red scale on the quiz's grid according to % correct below.
Homelander
Stormfront
A-Train
Dr Wild
Red Lion
Starlight
Mastermind
Black Noir
Supernova
The Deep
Soldier Boy
Rock Hard
Black Hole
Optimum
Blue Hawk
Firecracker
Maverick
Summer
Love Sausage
Bolt
Livewire
Hyperion
 
Answer Stats
Answer % Correct
A-Train
97%
Homelander
97%
Stormfront
96%
Black Noir
88%
Starlight
87%
The Deep
83%
Soldier Boy
80%
Firecracker
79%
Love Sausage
69%
Blue Hawk
59%
Rock Hard
57%
Maverick
55%
Livewire
44%
Hyperion
17%
Black Hole
15%
No matching quizzes found
Score Distribution
Percent of People with Each Score
Percentile by Number Answered
Your Score History
You have not taken this quiz